Stolice państw na literę A - Statystyki

Ogólne statystyki
  • Ten quiz został rozwiązany 95 razy
  • Średni wynik to 9 z 11
Statystyki odpowiedzi
Państwo Stolica % Poprawnych
Andora Andora
96%
Austria Wiedeń
96%
Argentyna Buenos Aires
90%
Algieria Algier
88%
Albania Tirana
88%
Azerbejdżan Baku
83%
Australia Canberra
83%
Afganistan Kabul
79%
Armenia Erywań
76%
Arabia Saudyjska Rijad
74%
Antigua i Barbuda Saint John's
33%
Nie znaleziono quizów pasujących do podanych kryteriów
Rozkład punktacji
Procent ludzi z każdym wynikiem
Percentyl według liczby udzielonych odpowiedzi
Twoja historia wyników
Nie rozwiązałeś tego quizu